00941nam a22002057a 450000500170000000800410001704000270005804100080008504400070009308200160010010000220011624500760013826000640021430000500027850000200032850400600034850502130040865000600062165100540068120150825155923.0150825b2012 ck |||||r|||| 00| 0 spa d aCO-BoIAVH cCO-BoIAVH 0 aspa ack a305.8bV71g1 aVillamor, Nathaly1 aLegislación étnica y contexto institucional:bGuía de aprendizaje aBogotá (Colombia):bTropenbos,bSENA,bNUFFIC-NPT,c2012. a201 p.bilustraciones y fotografíasc28 cm. aIncluye anexos. aIncluye referencias bibliográficas (Páginas 85-86). aI. Derechos de los grupos étnicos. II. Estructura del estado colombiano. III. Entidades estatales que trabajan con grupos étnicos. IV. Organización del territorio. V. Manejo de los recursos públicos.  6aGrupos étnicosvGuíaxAspectos socialesz Colombia. aGrupos étnicosvGuíaxLegislaciónzColombia